| 000 | 01390cam a2200289 i 4500 | ||
|---|---|---|---|
| 003 | Co-BoUCM | ||
| 005 | 20170531134800.0 | ||
| 008 | 170511s2015 mx r 100 0 spa d | ||
| 015 | _aNNN | ||
| 020 | _a9786077901648 | ||
| 040 |
_aCo-BoUCM _bspa _cSaul Niño _dSaul Niño _bspa |
||
| 041 | 0 | _aspa | |
| 100 | 1 |
_aFernández Font, Fernando _cS.J. _985760 |
|
| 245 | 1 | 3 |
_aEl rector mártir _blos legados de Ignacio Ellacuría para encargarse de la realidad _ccoordinadores Juan Luis Hernández Avendaño y Galilea Cariño Cepeda ; Fernando Fernández Font, S.J. [y otros cinco] |
| 250 | _aPrimera edición. | ||
| 260 |
_aMéxico _bUniversidad Iberoamericana Puebla _c2015 |
||
| 300 | _a136 páginas | ||
| 500 | _a"X aniversario de la Cátedra Latinoamericana Ignacio Ellacuría de Análisis de la Realidad." | ||
| 600 | 2 | 4 |
_aEllacuría Beascoechea, Ignacio _cS.J. _d1930-1989 _xCritica e interpretación _985761 |
| 610 | 1 | 4 |
_aJesuitas _xActividad política _zAmérica Central _xHistoria _ySiglo XXI _vCongresos _985762 |
| 610 | 1 | 4 |
_aJesuitas _zAmérica Central _xInfluencia _vCongresos _985763 |
| 650 | 7 |
_aDerechos humanos _zAmérica Latina _xHistoria _y Siglo XXI _vCongresos _97499 |
|
| 700 | 1 |
_aHernández Avendaño, Juan Luis _eeditor _985764 |
|
| 700 | 1 |
_aCariño Cepeda, Galilea _ecoordinador _985765 |
|
| 942 |
_2DEWEY _a4 _cLIBRO _e1 _h255.53 _mF365r |
||
| 999 |
_c306579 _d306579 |
||